000 00608nam a2200181Ia 4500
008 100920s9999 xx 000 0 und d
082 _b8936
_a891.43 थ 60
100 _aअनु. व्यास श्रीकान्त./कैरोल लेविस
245 _aजादू नगरी.
260 _bराजपाल एण्ड सन्स , दिल्ली.
_c1960
300 _a92
_bसाधी
365 _b1.5
520 _aहिंदी.
630 _aजादू नगरी.
650 _aहिंदी.
730 _aजादू नगरी.
942 _cBOOK
999 _c676080
_d676077